The Blue Room: (Record no. 4574)
[ view plain ]
| 000 -LEADER | |
|---|---|
| fixed length control field | 00525nam a2200193Ia 4500 |
| 005 - DATE AND TIME OF LATEST TRANSACTION | |
| control field | 20250324065428.0 |
| 008 - FIXED-LENGTH DATA ELEMENTS--GENERAL INFORMATION | |
| fixed length control field | 240331s9999 xx 000 0 und d |
| 020 ## - INTERNATIONAL STANDARD BOOK NUMBER | |
| ISBN | 1856492400 |
| 082 ## - DDC Classification | |
| Item Number - Author Mark | AGG |
| DDC Edition Number | 4010 |
| Class No. | 303.6 |
| 100 ## - MAIN ENTRY--PERSONAL NAME | |
| Personal name | Agger, I |
| 245 #4 - TITLE STATEMENT | |
| Title | The Blue Room: |
| Remainder of title | Trauma and Testimony Among Refugee Women: A Psycho-Social Exploration |
| 260 ## - PUBLICATION, DISTRIBUTION, ETC. | |
| Place of publication, distribution, etc. | London; |
| -- | New Jersey, |
| Name of publisher, distributor, etc. | Zed Books Ltd, |
| Date of publication, distribution, etc. | 1992 |
| 300 ## - PHYSICAL DESCRIPTION | |
| Extent (e.g. Volumes, Pages etc.) | 138 p., |
| 650 ## - SUBJECT ADDED ENTRY--TOPICAL TERM | |
| Topical term or geographic name entry element | Gender |
| 650 ## - SUBJECT ADDED ENTRY--TOPICAL TERM | |
| Topical term or geographic name entry element | Women |
| 650 ## - SUBJECT ADDED ENTRY--TOPICAL TERM | |
| Topical term or geographic name entry element | Boundaries |
| 650 ## - SUBJECT ADDED ENTRY--TOPICAL TERM | |
| Topical term or geographic name entry element | Sexual Trauma |
| 942 ## - Koha item type (Biblio) | |
| Koha item type | Books in Stacks (Lending) |
| Lost status | Damaged status | Collection code | Home library | Current library | Shelving location | Date acquired | Full call number | Accession Number | Item type |
|---|---|---|---|---|---|---|---|---|---|
| Lending | WERC Library | WERC Library | Social Science Cupboard | 03/31/2024 | 303.6 AGG | 4010 | Books in Stacks (Lending) |
